00898cam a2200265 a 4500001000500000005001700005020001800022040002300040050002300063082000800086100001800094245009600112250002300208260004400231300004700275490003500322505000800357520008400365521002900449521002000478650004100498650003200539650002400571700003700595384820250530142943.0 a9781592493029 aDLCcDLCdDLCbeng00aPZ10.3.B4517b200400a3031 aBentley, Dawn10aSnack time, Tyrannosaurus rex! /cbased on text by Dawn Bentley ; illustrated by Karen Carr aFirst edition 2004 aNorwalk :bLittle Soundprints ; c2004  a32 pages :bcolor illustrations ; c24 cm. aSoundprints' Read-and-Discover aJ  aTyrannosaurus rex hunts for lunch and evades a volcano which is about to erupt. a460 bLexile estimate  aJ bRaz-Plus  0aTyrannosaurus rexvJuvenile fiction. 1aTyrannosaurus rexvFiction. 1aDinosaursvFiction.1 aCarr, Karend1960-eillustrator